Catcheurs par image partie 2 - Statistiques

Statistiques générales
  • Ce quiz a été pris 362 fois
  • Le résultat moyen est 27 sur 41
Statistiques - réponses
Par images Réponse % Correct
André The Giant
95%
Jeff Hardy
92%
Hulk Hogan
91%
Matt Hardy
89%
Alberto del Rio
87%
Bret Hart
87%
Goldberg
87%
Goldust
87%
Dean Ambrose
85%
Stardust
83%
Logan Paul
76%
Elias
74%
Damian Priest
71%
Jinder Mahal
71%
The Fiend
68%
Christophe Agius
67%
Andrade
66%
Sin Cara
66%
Nia Jax
65%
L.A Knight
63%
Bron Breakker
62%
Luke Harper
62%
Shinsuke Nakamura
62%
Johnny Gargano
61%
The Great Khali
60%
Mustafa Ali
58%
Ronda Rousey
58%
Stéphanie McMahon
58%
Shane McMahon
56%
British Bulldog
55%
Kalisto
55%
Natalya
54%
Owen Hart
52%
Karl Anderson
49%
Adam Pearce
47%
Kenny Omega
47%
MJF
46%
Candice Lerae
41%
Lex Luger
40%
Dana Brooke
35%
Jeff Jarrett
30%
Aucun quiz correspondant
Distribution des résultats
% des personnes avec chaque résultat
Percentile par nombre de réponses
Votre historique - résultats
Vous n’avez pas pris ce quiz